000 nam a22 a 4500
999 _c1308
_d1308
003 AKMAL
005 20170509093958.0
008 170508 000 0 eng d
039 9 _a200508011141
_baziah
040 _aAKMAL
_cAKMAL
049 _apma
082 _a297.7 DAS
_221
090 _a297.7
_bDAS
100 0 0 _aDusuki Haji Ahmad
_91739
245 1 0 _aPengetahuan Agama Islam Menengah I
_cDusuki Bin Haji Ahmad
260 _aKuala Lumpur
_bDewan Bahasa dan Pustaka
_c1981
300 _a176p.
_c22cm
440 0 _aSiri Pelajaran Menengah DBP bil. 112
_92586
500 _aMengandungi Ayat-ayat al-Quran
650 _aIslam
_xStudy and teaching
_92587
942 _2ddc
_cBOOK